000
00352 a2200169 4500
001
156826
020
_a
978852602201
040
_c
Escola São Tomás de Aquino
100
_a
BANDEIRA, Manuel
240
1
0
_a
Pra brincar
_l
por
245
1
0
_a
Pra brincar
300
_a
29 p.
362
0
_a
2016
440
1
_a
Global
697
_a
Poesia
942
_c
BK
999
_c
156826
_d
156826